| 000 | 00523nam a2200217Ia 4500 | ||
|---|---|---|---|
| 008 | 170918s9999 xx 000 0 und d | ||
| 020 | _a9780531284636 | ||
| 050 | _bG822 2014 | ||
| 100 | _aGregory, Josh | ||
| 245 | _aHenry Ford : | ||
| 245 | _bfather of the auto industry / | ||
| 245 | _cby Josh Gregory. | ||
| 260 | _aNew York : | ||
| 260 | _bChildren's Press, | ||
| 260 | _c2014 | ||
| 300 | _a48 pages : | ||
| 300 | _bcolored illustration ; | ||
| 300 | _c22cm. | ||
| 440 | _aA true book. | ||
| 500 | _a960 | ||
| 999 |
_c342728 _d342728 |
||